000 00844 a2200229 4500
003 OSt
005 20220906112916.0
008 220427b |||||||| |||| 00| 0 eng d
020 _a978-0-12-381504-0
040 _cCHAP
082 _a664.002
_bF68
_222
245 0 0 _aFood safety management :
_b a practical guide for the food industry /
_ceditado por Yasmine Motarjemi y Huub Lelieveld
260 _aEEUU :
_bElsevier,
_c2014.
300 _a1166 páginas.
650 0 _9156796
_aIndustria alimentaria
_xAspectos sanitarios
650 0 _9185506
_aManejo de alimentos
_xMedidas de seguridad
650 0 _9185507
_aIndustria alimentaria
_xAdministración
650 0 _9185508
_aAlimentos
_xAdulteración e inspección
_vNormas
700 _4Editor
_9185504
_aMotarjemi, Yasmine
700 _9185505
_aLelieveld, Huub
_eeditor.
942 _2ddc
_cLIBRO
999 _c209220
_d209220